<?xml version="1.0" encoding="UTF-8"?>
<collection xmlns="http://www.loc.gov/MARC21/slim">
 <record>
  <leader>04059cam a22005652  4500</leader>
  <controlfield tag="001">1770682791</controlfield>
  <controlfield tag="003">DE-627</controlfield>
  <controlfield tag="005">20230303113344.0</controlfield>
  <controlfield tag="007">tu</controlfield>
  <controlfield tag="008">210914s2020    gw |||||      00| ||ger c</controlfield>
  <datafield tag="010" ind1=" " ind2=" ">
   <subfield code="a">  2021286327</subfield>
  </datafield>
  <datafield tag="020" ind1=" " ind2=" ">
   <subfield code="a">9783422031258</subfield>
   <subfield code="c">set</subfield>
   <subfield code="9">978-3-422-03125-8</subfield>
  </datafield>
  <datafield tag="020" ind1=" " ind2=" ">
   <subfield code="a">3422031251</subfield>
   <subfield code="c">set</subfield>
   <subfield code="9">3-422-03125-1</subfield>
  </datafield>
  <datafield tag="035" ind1=" " ind2=" ">
   <subfield code="a">(DE-627)1770682791</subfield>
  </datafield>
  <datafield tag="035" ind1=" " ind2=" ">
   <subfield code="a">(DE-599)KXP1770682791</subfield>
  </datafield>
  <datafield tag="040" ind1=" " ind2=" ">
   <subfield code="a">DE-627</subfield>
   <subfield code="b">eng</subfield>
   <subfield code="c">DE-627</subfield>
   <subfield code="e">rda</subfield>
  </datafield>
  <datafield tag="041" ind1=" " ind2=" ">
   <subfield code="a">ger</subfield>
  </datafield>
  <datafield tag="044" ind1=" " ind2=" ">
   <subfield code="c">XA-DE</subfield>
  </datafield>
  <datafield tag="050" ind1=" " ind2="0">
   <subfield code="a">NA1455.P62</subfield>
  </datafield>
  <datafield tag="082" ind1="0" ind2=" ">
   <subfield code="a">720.943862</subfield>
  </datafield>
  <datafield tag="245" ind1="1" ind2="0">
   <subfield code="a">Kleinpolen</subfield>
   <subfield code="c">im Auftrag des Herder-Instituts für historische Ostmitteleuropaforschung, Marburg ; in Verbindung mit dem Instytut Historii Sztuki Uniwersytetu Jagiellońskiego, Kraków und dem Narodowy Instytut Dziedzictwa, Warszawa ; sowie in Kooperation mit der Dehio-Vereinigung (Wissenschaftliche Vereinigung zur Fortführung des kunsttopopgraphischen Werkes von Georg Dehio e.V.) ; herausgegeben von Wojciech Bałus und Dietmar Popp ; bearbeitet von Sławomir Brzezicki und Joanna Wolańska ; unter Mitarbeit von Agnese Bergholde-Wolf, Adam Organisty, Dietmar Popp, Birte Pusback und Wiebke Rohrer</subfield>
  </datafield>
  <datafield tag="246" ind1="3" ind2="3">
   <subfield code="a">Dehio-Handbuch Kunstdenkmäler in PolenKleinpolen</subfield>
  </datafield>
  <datafield tag="250" ind1=" " ind2=" ">
   <subfield code="a">1. Auflage</subfield>
  </datafield>
  <datafield tag="264" ind1=" " ind2="1">
   <subfield code="a">Berlin</subfield>
   <subfield code="b">Deutscher Kunstverlag</subfield>
   <subfield code="c">2020</subfield>
  </datafield>
  <datafield tag="300" ind1=" " ind2=" ">
   <subfield code="a">3 volumes</subfield>
   <subfield code="b">maps, plans</subfield>
   <subfield code="c">19 cm</subfield>
  </datafield>
  <datafield tag="336" ind1=" " ind2=" ">
   <subfield code="a">Text</subfield>
   <subfield code="b">txt</subfield>
   <subfield code="2">rdacontent</subfield>
  </datafield>
  <datafield tag="337" ind1=" " ind2=" ">
   <subfield code="a">ohne Hilfsmittel zu benutzen</subfield>
   <subfield code="b">n</subfield>
   <subfield code="2">rdamedia</subfield>
  </datafield>
  <datafield tag="338" ind1=" " ind2=" ">
   <subfield code="a">Band</subfield>
   <subfield code="b">nc</subfield>
   <subfield code="2">rdacarrier</subfield>
  </datafield>
  <datafield tag="490" ind1="0" ind2=" ">
   <subfield code="a">Dehio-Handbuch der Kunstdenkmäler in Polen</subfield>
  </datafield>
  <datafield tag="500" ind1=" " ind2=" ">
   <subfield code="a">Includes indexes</subfield>
  </datafield>
  <datafield tag="500" ind1=" " ind2=" ">
   <subfield code="a">Issued in slipcase</subfield>
  </datafield>
  <datafield tag="520" ind1=" " ind2=" ">
   <subfield code="a">Bd. I. Einführung in Geschichte und Kunst -- Bd. II. Westlicher Teil mit Krakau -- Bd. III. Östlicher Teil mit Lublin.</subfield>
  </datafield>
  <datafield tag="520" ind1=" " ind2=" ">
   <subfield code="a">Following the successful pilot project on &quot;Silesia,&quot; with which the tradition-steeped series established by Georg Dehio dedicated itself for the first time to the art monuments in Poland today, the next three-volume edition is now being published. It includes the historical region of &quot;Lesser Poland&quot; in southeastern Poland, with the areas around Krakow, Kielce / Sandomierz, Lublin, and Przemyśl / Rzeszów. The useful travel companion provides detailed information on all the important monuments of this fascinating region, with a look at German-Polish history. The accompanying texts, which present the development of the region from the Middle Ages to the present, are supplemented by an index of artists, city maps, layouts and numerous overview maps</subfield>
  </datafield>
  <datafield tag="520" ind1=" " ind2=" ">
   <subfield code="a">Diese zweibändige Ausgabe umfasst die historische Region Kleinpolen im Südosten Polens mit den Gebieten um Krakau, Kielce/ Sandomierz, Lublin und Przemy l/Rzeszów. Als nützlicher Reisebegleiter und umfangreiches Wissenskompendium zugleich, bietet der Dehio Kleinpolen detaillierte Informationen über alle bedeutenden Denkmäler dieser faszinierenden Gegend mit Blick auf die deutsch-polnische Geschichte. Die begleitenden Texte dienen dabei als Einführung in die Entwicklung der Region vom Mittelalter bis in die Gegenwart</subfield>
  </datafield>
  <datafield tag="650" ind1=" " ind2="0">
   <subfield code="a">Architecture</subfield>
   <subfield code="z">Poland</subfield>
   <subfield code="z">Małopolska</subfield>
   <subfield code="v">Guidebooks</subfield>
  </datafield>
  <datafield tag="650" ind1=" " ind2="0">
   <subfield code="a">Art</subfield>
   <subfield code="z">Poland</subfield>
   <subfield code="z">Małopolska</subfield>
   <subfield code="v">Guidebooks</subfield>
  </datafield>
  <datafield tag="650" ind1=" " ind2="4">
   <subfield code="a">Architecture</subfield>
  </datafield>
  <datafield tag="650" ind1=" " ind2="4">
   <subfield code="a">Art</subfield>
  </datafield>
  <datafield tag="650" ind1=" " ind2="4">
   <subfield code="a">Guidebooks</subfield>
  </datafield>
  <datafield tag="651" ind1=" " ind2="0">
   <subfield code="a">Małopolska (Poland)</subfield>
   <subfield code="v">Guidebooks</subfield>
  </datafield>
  <datafield tag="651" ind1=" " ind2="4">
   <subfield code="a">Poland ; Małopolska</subfield>
  </datafield>
  <datafield tag="700" ind1="1" ind2=" ">
   <subfield code="a">Bałus, Wojciech</subfield>
   <subfield code="e">HerausgeberIn</subfield>
   <subfield code="4">edt</subfield>
  </datafield>
  <datafield tag="700" ind1="1" ind2=" ">
   <subfield code="a">Popp, Dietmar</subfield>
   <subfield code="e">HerausgeberIn</subfield>
   <subfield code="4">edt</subfield>
  </datafield>
  <datafield tag="787" ind1="0" ind2="8">
   <subfield code="i">Rezensiert in</subfield>
   <subfield code="a">Labuda, Adam S., 1946 - </subfield>
   <subfield code="t">[Rezension von: Wojciech Bałus (Hrsg.), Dehio-Handbuch der Kunstdenkmäler in Polen. Kleinpolen]</subfield>
   <subfield code="d">2021</subfield>
   <subfield code="w">(DE-627)1838112529</subfield>
  </datafield>
  <datafield tag="856" ind1="4" ind2="2">
   <subfield code="u">https://d-nb.info/1148126767/04</subfield>
   <subfield code="v">2021-09-14</subfield>
   <subfield code="x">Verlag</subfield>
   <subfield code="z">Table of contents, volume 1</subfield>
   <subfield code="3">Inhaltsverzeichnis</subfield>
  </datafield>
  <datafield tag="856" ind1="4" ind2="2">
   <subfield code="u">https://d-nb.info/1210584956/04</subfield>
   <subfield code="v">2021-09-14</subfield>
   <subfield code="x">Verlag</subfield>
   <subfield code="z">Table of contents, volume 2</subfield>
   <subfield code="3">Inhaltsverzeichnis</subfield>
  </datafield>
  <datafield tag="856" ind1="4" ind2="2">
   <subfield code="u">https://d-nb.info/1210584735/04</subfield>
   <subfield code="v">2021-09-14</subfield>
   <subfield code="x">Verlag</subfield>
   <subfield code="z">Table of contents, volume 3</subfield>
   <subfield code="3">Inhaltsverzeichnis</subfield>
  </datafield>
  <datafield tag="951" ind1=" " ind2=" ">
   <subfield code="a">BO</subfield>
  </datafield>
  <datafield tag="991" ind1=" " ind2=" ">
   <subfield code="a">Rezensiertes Werk</subfield>
  </datafield>
  <datafield tag="999" ind1=" " ind2=" ">
   <subfield code="a">KXP-PPN1770682791</subfield>
   <subfield code="e">4284965336</subfield>
  </datafield>
 </record>
</collection>
